| 000 | 00693nam a22002177a 4500 | ||
|---|---|---|---|
| 003 | URS | ||
| 005 | 20250716114140.0 | ||
| 008 | 250716b |||||||| |||| 00| 0 eng d | ||
| 020 | _a978-0-3352-63660 | ||
| 040 |
_bEnglish _cURS _erda |
||
| 050 | 0 | 0 |
_aLB1775.8 _b.H314 2016 |
| 100 |
_aHawkins, Sally, _eauthor. _96246 |
||
| 245 |
_aOutstanding primary teaching and learning : _ba journey through your early teaching career / _cSally Hawkins. |
||
| 264 |
_aLondon : _bMcGraw - Hill, _c©2016. |
||
| 300 |
_axv, 223 pages ; _c25 cm. |
||
| 336 |
_2rdacontent _atext _btxt |
||
| 337 |
_2rdamedia _aunmediated _bn |
||
| 338 |
_2rdacarrier _avolume _bnc |
||
| 500 | _aIncludes index. | ||
| 942 |
_2lcc _cFR |
||
| 999 |
_c83612 _d83611 |
||